| 000 | 00464nam a2200181Ia 4500 | ||
|---|---|---|---|
| 001 | 14760 | ||
| 005 | 20260306164938.0 | ||
| 008 | 260306t1997||||xx |||||||||||||| ||spa|| | ||
| 041 | _aESP | ||
| 082 |
_a519.2 _bJ67 |
||
| 100 |
_aJohnson, Richard A. _eAUT |
||
| 245 | 0 | _aProbabilidad y estadĂstica para ingenieros de Miller y Freund | |
| 260 | _c1997 | ||
| 300 |
_axii, 630 páginas : _c25 cm. |
||
| 650 | _aGEN | ||
| 654 | _aCII | ||
| 942 |
_cLIB _dJUS _fJUS _2ddc _n |
||
| 999 |
_c14760 _d14760 |
||